00630nam a2200181 a 450000500170000000800410001702000180005805000180007610000260009424500450012026000360016530000090020144000220021052000650023265000240029799900190032195201080034020140412111305.0010425s19uu xx 00 eng d a0-679-91207-x aERbDi61 1991 aPenner, Lucille Recht aDinosaur Babies /cLucille Recht Penner. aNew ork :bRandom House,c1991. a32p. aStep into reading aDescribes the characteristics and behavior of baby dinosaurs aDinosaurs - Infancy c103651d103651 001040aELbELcERd2001-04-25eLib. Fundl0oER Di61 1991pE5667r2014-04-12 00:00:00w2014-04-12yBK